Vplyv reziduálnych porúch tiažového zrýchlenia na výpočet normálnych výšok

Saved in:
Bibliographic Details
Main Author: Bucha, Blažej, 1988- (Author)
Other Authors: Mojzeš, Marcel, 1947- (Thesis advisor)
Format: Manuscript Book
Language:Slovak
Published: Bratislava : STU v Bratislave SvF, 2012
Subjects:
Online Access:VAIS
Tags: Add Tag
No Tags, Be the first to tag this record!

MARC

LEADER 00000ntm a22000003a 4500
001 stu252659
005 20150617230226.0
008 120721s2012----xo------------------slo-d
040 |a STU  |b slo 
041 0 |a slo 
044 |a xo 
100 1 |a Bucha, Blažej,  |d 1988-  |4 aut  |u V130  |U SvF Stavebná fakulta  |T SvF Katedra geodetických základov  |X 44564  |U V130  |Y 13  |7 A000044564 
242 0 0 |a The contribution of residual gravity disturbances to computation of the normal heights  |y eng 
245 1 |a Vplyv reziduálnych porúch tiažového zrýchlenia na výpočet normálnych výšok 
260 |a Bratislava :  |b STU v Bratislave SvF,  |c 2012 
650 7 |a geodézia a kartografia  |2 stusub 
650 7 |a Geodesy and Cartography  |2 estusub 
650 7 |a disturbing potential  |2 estusub 
700 1 |a Mojzeš, Marcel,  |d 1947-  |4 ths  |u V130  |U SvF Stavebná fakulta  |T SvF Katedra geodetických základov  |X 768  |U V130  |Y 13  |7 A000000768 
856 4 |a info a plný text  |u http://is.stuba.sk/zp/portal_zp.pl?podrobnosti=84397  |3 VAIS